Vista normal Vista MARC

Entrada Personal Name

Número de registros utilizados en: 1

001 - CONTROL NUMBER

  • control field: 36364

003 - CONTROL NUMBER IDENTIFIER

  • control field: OSt

005 - DATE AND TIME OF LATEST TRANSACTION

  • control field: 20210319152707.0

008 - FIXED-LENGTH DATA ELEMENTS

  • fixed length control field: 210319|| aca||aabn | a|a d

040 ## - CATALOGING SOURCE

  • Original cataloging agency: OSt
  • Transcribing agency: OSt

100 ## - HEADING--PERSONAL NAME

  • Personal name: González Mosquera, Guillermo Alberto

670 ## - SOURCE DATA FOUND

  • Source citation: Work cat.: (OSt): González Mosquera, Guillermo Alberto, autor , Antioqueños en el Cauca del siglo XX / , [2013?]